Le XI des finales de Coupe du monde depuis 1998 - Statistiques

Statistiques générales
  • Ce quiz a été pris 93 fois
  • Le résultat moyen est 117 sur 214
Statistiques - réponses
Equipe Statut Poste Club Réponse % Correct
- Titulaire⚽⚽ Attaquant Paris Saint-Germain Lionel Messi
99%
- Titulaire Attaquant FC Barcelone Lionel Messi
99%
- Titulaire 🟨 Gardien Aston Villa Emiliano Martinez
97%
- Remplaçant Attaquant Inter Milan Lautaro Martínez
97%
- Titulaire Gardien Tottenham Hotspur Hugo Lloris
96%
- Titulaire Gardien Tottenham Hotspur Hugo Lloris
96%
- Titulaire⚽⚽⚽ Attaquant Paris Saint-Germain Kylian Mbappé
96%
- Titulaire⚽ Attaquant Paris Saint-Germain Kylian Mbappé
96%
- Titulaire Milieu Atlético Madrid Antoine Griezmann
93%
- Titulaire⚽ Attaquant Atlético Madrid Antoine Griezmann
93%
- Titulaire 🟨 Défenseur Atlético Madrid Lucas Hernandez
93%
- Titulaire Attaquant FC Barcelone Ousmane Dembélé
93%
- Titulaire⚽ Milieu Manchester United Paul Pogba
93%
- Titulaire Défenseur Manchester United Raphaël Varane
93%
- Titulaire Défenseur Real Madrid Raphaël Varane
93%
- Titulaire Défenseur FC Barcelone Samuel Umtiti
93%
- Titulaire Défenseur AC Milan Théo Hernandez
93%
- Titulaire Défenseur VfB Stuttgart Benjamin Pavard
92%
- Titulaire 🟨 Milieu Chelsea N'Golo Kanté
92%
- Titulaire 🟨 Attaquant AC Milan Olivier Giroud
92%
- Titulaire Attaquant Chelsea Olivier Giroud
92%
- Titulaire Milieu Real Madrid Aurélien Tchouaméni
91%
- Titulaire Défenseur FC Barcelone Jules Koundé
91%
- Titulaire Défenseur Juventus Turin Lilian Thuram
91%
- Titulaire Défenseur Parme AC Lilian Thuram
91%
- Remplaçant 🟨 Attaquant Borussia M'Gladbach Marcus Thuram
91%
- Titulaire⚽ Attaquant Juventus Turin Ángel Di María
89%
- Titulaire Défenseur Bayern Munich Dayot Upamecano
89%
- Remplaçant Milieu Real Madrid Eduardo Camavinga
89%
- Remplaçant Défenseur Liverpool Ibrahima Konaté
89%
- Titulaire Défenseur Olympique Lyonnais Nicolás Tagliafico
88%
- Titulaire 🟨 Milieu Juventus Turin Adrien Rabiot
86%
- Remplaçant Milieu Bayern Munich Corentin Tolisso
86%
- Remplaçant Attaquant Bayern Munich Kingsley Coman
86%
France 2022 - Entraineur - Didier Deschamps
85%
France 2018 - Entraineur - Didier Deschamps
85%
- Titulaire Milieu Juventus Turin Didier Deschamps
85%
- Titulaire Attaquant Manchester City Julián Álvarez
85%
- Titulaire Gardien Bayern Munich Manuel Neuer
85%
- Titulaire Défenseur SL Benfica Nicolás Otamendi
85%
- Titulaire Milieu Juventus Turin Blaise Matuidi
84%
- Remplaçant Attaquant Eintracht Francfort Randal Kolo Muani
84%
- Titulaire Milieu Real Madrid Luka Modrić
82%
- Titulaire⚽🟨 Milieu FC Barcelone Andrés Iniesta
81%
- Titulaire Défenseur Bayern Munich Jérôme Boateng
81%
- Titulaire Défenseur Bayern Munich Philipp Lahm
81%
- Titulaire 🟨 Milieu FC Barcelone Xavi
81%
- Titulaire Attaquant Valence CF David Villa
80%
- Titulaire Gardien Real Madrid Iker Casillas
80%
- Titulaire Milieu FC Barcelone Ivan Rakitić
80%
- Titulaire Défenseur Borussia Dortmund Mats Hummels
80%
- Titulaire Milieu FC Barcelone Sergio Busquets
80%
- Titulaire 🟨 Défenseur Real Madrid Sergio Ramos
80%
- Titulaire⚽🟥 Milieu Real Madrid Zinédine Zidane
80%
- Titulaire⚽⚽ Attaquant Juventus Turin Zinédine Zidane
80%
- Titulaire Défenseur Tottenham Hotspur Cristian Romero
78%
- Titulaire 🟨 Milieu SL Benfica Enzo Fernández
78%
- Titulaire Gardien Olympique de Marseille Fabien Barthez
78%
- Titulaire Gardien AS Monaco Fabien Barthez
78%
- Remplaçant⚽ Attaquant Bayern Munich Mario Götze
78%
- Remplaçant Attaquant AS Rome Paulo Dybala
78%
- Remplaçant Milieu Séville FC Steven Nzonzi
78%
- Titulaire Attaquant Arsenal Thierry Henry
78%
- Titulaire Milieu Brighton Alexis Mac Allister
77%
- Titulaire 🟨 Défenseur FC Barcelone Carles Puyol
77%
- Remplaçant Attaquant Liverpool Fernando Torres
77%
- Titulaire Défenseur FC Barcelone Gerard Piqué
77%
- Titulaire🔴⚽ Attaquant Juventus Turin Mario Mandžukić
77%
- Titulaire Attaquant Lazio Rome Miroslav Klose
77%
- Titulaire 🟨 Attaquant FC Kaiserslautern Miroslav Klose
77%
- Remplaçant Attaquant Olympique Lyonnais Nabil Fekir
77%
- Titulaire Gardien AS Monaco Sergio Romero
77%
- Titulaire Gardien Juventus Turin Gianluigi Buffon
76%
- Titulaire Milieu Atlético Madrid Rodrigo De Paul
76%
- Titulaire Attaquant Olympique de Marseille Franck Ribéry
74%
- Titulaire⚽ Attaquant Inter Milan Ivan Perišić
74%
- Titulaire⚽⚽ Attaquant Inter Milan Ronaldo
74%
- Titulaire Attaquant Inter Milan Ronaldo
74%
- Titulaire Attaquant AS Rome Francesco Totti
73%
- Titulaire Attaquant Arsenal Mesut Özil
73%
- Titulaire Gardien Bayern Munich Oliver Kahn
73%
- Titulaire Milieu Real Madrid Xabi Alonso
73%
- Titulaire 🟨 Attaquant Bayern Munich Arjen Robben
72%
- Titulaire 🟨 Milieu Bayern Munich Bastian Schweinsteiger
72%
- Titulaire Milieu Chelsea Claude Makélélé
70%
- Titulaire Attaquant FC Barcelone Pedro
70%
- Titulaire Attaquant Bayern Munich Thomas Müller
70%
- Remplaçant Milieu AS Monaco Youssouf Fofana
70%
- Titulaire Défenseur Bayern Munich Bixente Lizarazu
69%
- Titulaire Gardien AS Monaco Danijel Subašić
69%
- Titulaire Milieu Juventus Turin Patrick Vieira
69%
- Remplaçant Milieu Arsenal Patrick Vieira
69%
- Titulaire 🟨 Attaquant Arsenal Robin van Persie
69%
- Titulaire Attaquant Paris Saint-Germain Ronaldinho
69%
- Titulaire 🟨🟨🟥 Défenseur AC Milan Marcel Desailly
68%
- Titulaire Milieu AC Milan Andrea Pirlo
66%
- Remplaçant Attaquant Chelsea André Schürrle
66%
- Titulaire Défenseur Liverpool Dejan Lovren
66%
- Titulaire Attaquant Naples Gonzalo Higuaín
66%
- Titulaire⚽ Défenseur Inter Milan Marco Materazzi
66%
- Titulaire Attaquant FC Barcelone Rivaldo
66%
- Titulaire Attaquant FC Barcelone Rivaldo
66%
- Titulaire Attaquant Inter Milan Wesley Sneijder
66%
- Titulaire Défenseur Real Madrid Roberto Carlos
65%
- Titulaire Défenseur Real Madrid Roberto Carlos
65%
- Remplaçant Attaquant Juventus Turin David Trezeguet
64%
- Titulaire⚽ Milieu Arsenal Emmanuel Petit
64%
- Titulaire Milieu Inter Milan Marcelo Brozović
64%
- Remplaçant Attaquant Juventus Turin Alessandro Del Piero
62%
- Titulaire Défenseur AS Rome Cafú
62%
- Titulaire Défenseur AS Rome Cafú
62%
- Titulaire Attaquant Paris Saint-Germain Ezequiel Lavezzi
62%
- Titulaire Défenseur Juventus Turin Fabio Cannavaro
62%
- Remplaçant Attaquant Manchester City Sergio Agüero
62%
- Titulaire 🟨 Milieu FC Barcelone Javier Mascherano
61%
- Remplaçant Milieu Arsenal Cesc Fàbregas
59%
- Remplaçant Défenseur AS Monaco Axel Disasi
58%
- Titulaire 🟨 Attaquant Olympique Lyonnais Florent Malouda
58%
- Remplaçant 🟨 Milieu Juventus Turin Leandro Paredes
58%
- Titulaire Défenseur Atlético Madrid Nahuel Molina
58%
- Titulaire Milieu Bayern Munich Toni Kroos
58%
- Titulaire 🟨 Défenseur Bayern Munich Willy Sagnol
58%
- Titulaire 🟨 Défenseur Besiktas Domagoj Vida
57%
- Titulaire Milieu AC Milan Gennaro Gattuso
57%
- Remplaçant Défenseur Arsenal Per Mertesacker
57%
- Remplaçant Attaquant Hoffenheim Andrej Kramarić
55%
- Titulaire Défenseur Chelsea Frank Lebœuf
54%
- Titulaire Attaquant AJ Auxerre Stéphane Guivarc'h
51%
- Titulaire Attaquant Inter Milan Youri Djorkaeff
51%
- Remplaçant Milieu AS Rome Daniele De Rossi
50%
- Titulaire Défenseur Olympique Lyonnais Éric Abidal
50%
- Titulaire Défenseur Manchester City Pablo Zabaleta
50%
Allemagne 2014 - Entraineur - Joachim Löw
49%
- Titulaire Défenseur Chelsea William Gallas
49%
- Titulaire 🟨 Milieu Real Madrid Christian Karembeu
47%
- Remplaçant Attaquant Olympique de Marseille Christophe Dugarry
47%
- Titulaire 🟨 Milieu Manchester City Nigel de Jong
47%
- Titulaire 🟨 Défenseur Villareal CF Joan Capdevila
46%
- Titulaire 🟨 Défenseur AC Milan Gianluca Zambrotta
45%
- Titulaire Attaquant AS Rome(prêt du Bayern Munich) Luca Toni
45%
Espagne 2010 - Entraineur - Vicente del Bosque
45%
France 2006 - Entraineur - Raymond Domenech
43%
Argentine 2022 - Entraineur - Lionel Scaloni
42%
- Remplaçant 🟨 Défenseur Seville FC Marcos Acuña
42%
- Titulaire Défenseur Sampdoria Gênes Šime Vrsaljko
41%
- Remplaçant Attaquant Olympique Lyonnais Sylvain Wiltord
41%
- Titulaire 🟨 Milieu Bayern Munich Mark van Bommel
39%
- Titulaire Défenseur Juventus Turin Fabio Grosso
38%
- Titulaire 🟨 Défenseur Schalke 04 Benedikt Höwedes
36%
- Titulaire Attaquant Liverpool Dirk Kuyt
36%
- Titulaire Milieu Atlético Mineiro Gilberto Silva
36%
- Titulaire Défenseur Bayer Leverkusen Lúcio
36%
- Titulaire Défenseur Manchester City Martín Demichelis
34%
- Titulaire Milieu Borussia M'Gladbach Christoph Kramer
32%
- Remplaçant Attaquant Real Madrid Rafael Van der Vaart
31%
- Remplaçant Milieu CR Flamengo(prêt de l'Atlético Madrid) Juninho
30%
- Remplaçant Défenseur Séville FC Jesús Navas
28%
- Titulaire Gardien Ajax Amsterdam Maarten Stekelenburg
28%
- Remplaçant 🟨 Milieu RC Lens Alou Diarra
27%
France 1998 - Entraineur - Aimé Jacquet
26%
- Remplaçant Milieu Sampdoria Gênes Alain Boghossian
26%
- Titulaire Attaquant Eintracht Francfort Ante Rebić
26%
- Remplaçant 🟨 Défenseur Seville FC Gonzalo Montiel
26%
- Titulaire Milieu Yokohama Flügels César Sampaio
23%
- Titulaire 🟨 Défenseur Feyenoord Rotterdam Giovanni van Bronckhorst
23%
Brésil 2002 - Entraineur - Luiz Felipe Scolari
23%
- Titulaire Milieu Lazio Rome Lucas Biglia
20%
- Titulaire Gardien Atlético Mineiro Cláudio Taffarel
19%
- Titulaire Défenseur Olympique Lyonnais Edmílson
19%
- Titulaire Défenseur SL Benfica Ezequiel Garay
19%
- Titulaire Défenseur Sporting Portugal Marcos Rojo
19%
- Titulaire Attaquant Botafogo Bebeto
18%
Italie 2006 - Entraineur - Marcello Lippi
18%
- Titulaire Attaquant Juventus Turin Mauro Camoranesi
18%
- Titulaire 🟨 Défenseur Ajax Amsterdam Gregory Van der Wiel
16%
- Remplaçant Attaquant Inter Milan Rodrigo Palacio
16%
- Titulaire Milieu Júbilo Iwata Dunga
15%
- Remplaçant Défenseur Betis Seville Germán Pezzella
14%
- Titulaire 🟨🟨🟥 Défenseur Everton John Heitinga
12%
- Titulaire Milieu SL Benfica Enzo Pérez
11%
- Titulaire Attaquant AC Milan Leonardo
11%
Croatie 2018 - Entraineur - Zlatko Dalić
11%
- Remplaçant Attaquant Betis Séville Denílson
9%
- Remplaçant Attaquant São Paulo FC Denílson
9%
- Titulaire Défenseur Atlético Madrid Ivan Strinić
9%
- Remplaçant Attaquant AS Monaco Oliver Bierhoff
9%
Allemagne 2002 - Entraineur - Rudi Völler
9%
- Titulaire Milieu AS Rome Simone Perrotta
9%
- Titulaire Gardien Palmeiras Marcos
8%
- Titulaire Attaquant Bayer Leverkusen Bernd Schneider
7%
- Remplaçant Attaquant Juventus Turin Vincenzo Iaquinta
7%
- Titulaire Défenseur Borussia Dortmund Christoph Metzelder
5%
Brésil 1998 - Entraineur - Mário Zagallo
5%
- Titulaire Milieu Borussia Dortmund Torsten Frings
5%
Pays-Bas 2010 - Entraineur - Bert van Marwijk
4%
- Titulaire Milieu Liverpool Dietmar Hamann
4%
- Remplaçant 🟨 Milieu Boca Juniors Fernando Gago
4%
- Titulaire Milieu Manchester United Kleberson
4%
- Titulaire Attaquant Bayer Leverkusen Oliver Neuville
4%
- Titulaire Défenseur AS Rome Aldair
3%
Argentine 2014 - Entraineur - Alejandro Sabella
3%
- Titulaire Défenseur Bayer Leverkusen Carsten Ramelow
3%
- Remplaçant Défenseur Celtic Glasgow(prêt du Bayern Munich) Edson Braafheid
3%
- Titulaire Milieu Bayern Munich Jens Jeremies
3%
- Titulaire Défenseur Hambourg SV Joris Mathijsen
3%
- Remplaçant Attaquant Schalke 04 Marko Pjaca
3%
- Titulaire 🟨 Défenseur AC Milan Roque Júnior
3%
- Titulaire Défenseur Bayern Munich Thomas Linke
3%
- Remplaçant Défenseur Tottenham Hotspur Christian Ziege
1%
- Remplaçant Milieu Hambourg SV Eljero Elia
1%
- Remplaçant Attaquant Schalke 04 Gerald Asamoah
1%
- Titulaire Défenseur Werder Brême Marco Bode
1%
- Remplaçant Attaquant Fiorentina Edmundo
0%
- Titulaire 🟨 Défenseur Palmeiras Júnior Baiano
0%
Aucun quiz correspondant
Distribution des résultats
% des personnes avec chaque résultat
Percentile par nombre de réponses
Votre historique - résultats
Vous n’avez pas pris ce quiz